000 00766nam a22001817a 4500
005 20230613105515.0
008 s2528 th tha d
041 _atha
050 _aDS568.3 ส6
245 1 0 _aรวมเรื่องและข้อปฏิบัติเกี่ยวกับราชสำนัก [2nd]
260 3 _aกรุงเทพฯ :
_bวิคตอรี่เพาเวอร์พอยท์,
_c2528
300 _a133 หน้า :
_b ภาพประกอบ
650 0 4 _aไทย -- ราชสำนักและข้าราชสำนัก
850 _aNALT
942 _cGB
_03
997 _c000000000001615
998 _aNarumon Suwan
_j111
_k นางสาวพจพิณ พรมเอี่ยม
999 _c1615
_d1615